000 00537nam a22001937a 4500
005 20260424115910.0
008 260424b |||||||| |||| 00| 0 eng d
037 _cDSWL
040 _aDSWL
_cDSWL
041 _heng
084 _aX:5381OaL Q7
245 _aGlobalization and health
250 _a2nd
260 _aJaipur,
_bRawat Publication,
_c2015
300 _a208p
365 _aINR
_b1100
942 _2CC
_cTEXL
_hX:5381OaL Q7
_n0
999 _c1848504
_d1848504